Schädelhirnverletzungen durch Schusswaffen im Frieden /

Hlavní autor: Kielwein, Rudi
Korporativní autor: Bayerische Julius-Maximilians-Universität Würzburg
Jazyk: Němčina
Vydáno: Würzburg : Rudi Kielwein, 1970
Témata:
Fyzický popis: 53, 4 strany
Knihy
Uloženo v:
LEADER 01179nam a22003372i 4500
001 001582097
003 CZ BrMZK
005 20171026125004.0
007 ta
008 170621s1970 gw frm||||||||||ger d
040 |a BOA001  |b cze  |e rda 
072 7 |a 616  |x Patologie. Klinická medicína  |2 Konspekt  |9 14 
080 |a 616.714/.716  |2 MRF 
080 |a 616-001.45  |2 MRF 
080 |a (043.3)  |2 MRF 
100 1 |a Kielwein, Rudi  |4 dis 
245 1 0 |a Schädelhirnverletzungen durch Schusswaffen im Frieden /  |c von Rudi Kielwein 
264 1 |a Würzburg :  |b Rudi Kielwein,  |c 1970 
300 |a 53, 4 strany 
336 |a text  |b txt  |2 rdacontent 
337 |a bez média  |b n  |2 rdamedia 
338 |a svazek  |b nc  |2 rdacarrier 
502 |a Disertace--Bayerische Julius-Maximilians-Universität Würzburg, 1970 
650 0 7 |a lebka  |7 ph122221  |2 czenas 
650 0 7 |a střelná poranění  |7 ph139033  |2 czenas 
655 7 |a disertace  |7 fd132024  |2 czenas 
710 2 |a Bayerische Julius-Maximilians-Universität Würzburg  |7 xx0121109  |4 isb 
910 |a BOA001  |b X-0685.154 
990 |a BK 
991 |b 201706 
996 7 |b 2618905539  |c X-0685.154  |l MZK  |r Sklad / do 24 hodin  |n 0  |w 001617520  |u 000010  |a 1  |e BOA001  |j MZK50  |s A